000 00675cam a2200241Ia 4500
001 39810
005 20230410101727.0
008 970324s1995 ht 000 1 fre d
035 _a(OCoLC)ocm36617059
040 _aBWI
_cBWI
035 _a(OCoLC)36617059
050 1 4 _a110 PQ 3949.2
_bB436p 1995
100 1 _aBellande, Cuckita.
245 1 0 _aPorte-sauveur =
_bPót sové : recit /
_cCuckita Bellande.
246 3 1 _aPot sove.
260 _aPort-au-Prince, Haiti :
_bPrix Deschamps,
_c1995.
300 _a113 p. ;
_c22 cm.
500 _a"Prix Deschamps 1995."
650 4 _aCEH
650 4 _aColección Estudios Haitianos
942 _2lcc
_cbk
994 _aC0
_bDRFGD
999 _c12900
_d12900